|
|
แสดงรายละเอียดบรรณานุกรม |
|
|
Brief Record
: Get Marc (ISO 2709)
: E-mail record
: |
|
|
| LEADER 00000nama 2200000uu 4500 | |||
| 008 040531s2528 th m m a000 0 tha d | |||
| 020 974-795-080-4 | |||
| 041 tha | |||
| 050 JQ1745.A9 ก218ค 2528 | |||
| 100 กระทรวงสาธารณสุข. สำนักงานปลัดกระทรวง | |||
| 245 คู่มือการดำเนินการทางวินัย / สำนักงานปลัดกระทรวง กระทรวงสาธารณสุข 001 | |||
| 250 2 | |||
| 260 นนทบุรี กระทรวง 2528 | |||
| 300 199 หน้า | |||
| 650 ข้าราชการพลเรือน - กฏระเบียบและข้อบังคับ ข้าราชการพลเรือน - วินัย | |||
| 998 1999-08-25 | |||
| 999 ^aใช้งานได้ทุกระบบ | |||
| คุณยังไม่ได้ล็อกอิน คุณสามารถมีกิจกรรมร่วมกับเว็บไซต์ได้ แต่ต้องล็อกอินก่อน :: |
|
| สถานะ | |||||||||
| 1. | หนังสืออ้างอิง | อ JQ1745.A9 ค125ค 2518 2528 | On Shelf | ||||||
| [แสดง 1/1 รายการ] | |||||||||
| รายการใกล้เคียง ผู้แต่ง [กระทรวงสาธารณสุข. สำนักงานปลัดกระทรวง]
|
BibComment |
| คอมเมนท์ทรัพยากรรายการนี้ |
|
|